Normal view
MARC view
- Literatura infantil belga
Entry Materia
001 - NÚMERO DE CONTROL DEL REGISTRO
- campo de control: 9175
003 - IDENTIFICADOR DE NUMERO DE CONTROL
- campo de control: MX-MxUPN
005 - FECHA Y HORA DE LA ÚLTIMA TRANSACCIÓN
- campo de control: 20240319113313.0
008 - DATOS DE LONGITUD FIJA
- campo de control de longitud fija: 240319 n annnnbabn n ana |d
035 ## - NÚMERO DE CONTROL DEL SISTEMA
- Número de control del sistema: UPN10000009181
040 ## - FUENTE DE LA CATALOGACIÓN
- Lengua de catalogación: spa
- Centro catalogador de origen: MX-MxUPN
150 ## - ENCABEZAMIENTO - TEMÁTICO
- Término de materia o nombre geográfico como elemento inicial: Literatura infantil belga
670 ## - FUENTE EN LA QUE SE LOCALIZARON DATOS
- Cita de la fuente: Escamilla González, G. Lista de encabezamientos de materia, 1978 :
- Información localizada: página 519 (Literatura infantil alemana)
902 ## - CATALOGADOR
- Catalogador: ELI/091105
- Catalogador: VíctorGodínez/190324
